书目信息 |
| 题名: |
世界民族研究导论
|
|
| 作者: | 李毅夫 著 | |
| 分册: | ||
| 出版信息: | 北京 社会科学文献出版社 2013 |
|
| 页数: | 511页 | |
| 开本: | 24cm | |
| 丛书名: | 中国社会科学院老年学者文库 | |
| 单 册: | ||
| 中图分类: | C95 | |
| 科图分类: | ||
| 主题词: | 民族学--研究--世界 , 民族学 | |
| 电子资源: | ||
| ISBN: | 978-7-5097-5039-1 | |
| 000 | 01073oam2 2200277 450 | |
| 001 | 523 | |
| 005 | 20140905095432.14 | |
| 010 | @a978-7-5097-5039-1@dCNY128.00 | |
| 100 | @a20131217d2013 em y0chiy50 ea | |
| 101 | 0 | @achi |
| 102 | @aCN@b110000 | |
| 105 | @ay z 000yy | |
| 106 | @ar | |
| 200 | 1 | @a世界民族研究导论@AShi Jie Min Zu Yan Jiu Dao Lun@f李毅夫著@FLi Yi Fu Zhu |
| 210 | @a北京@c社会科学文献出版社@d2013 | |
| 215 | @a511页@d24cm | |
| 225 | 2 | @a中国社会科学院老年学者文库 |
| 300 | @a中国社会科学院老年科研基金资助 | |
| 330 | @a本书分上下两篇。上篇重在学科建设方面的介绍,为理论层面,主要内容为新中国世界民族学科产生、发展与演变过程的介绍,涉及该学科基本概念如“民族”的定义。下篇为具体研究世界民族的成果,包括世界民族的人口与分布、人种的构成、语言分布、宗教信仰,以及世界民族关系从原始时代到当前的发展状况。 | |
| 461 | 0 | @12001 @a中国社会科学院老年学者文库 |
| 606 | 0 | @a民族学@x研究@y世界 |
| 606 | 0 | @a民族学 |
| 690 | @aC95@v5 | |
| 701 | 0 | @a李毅夫@ALi Yi Fu@f(1927.11~)@4著 |
| 801 | 0 | @aCN@bTANGWEI@c20140603 |
| 905 | @b0840254-55@dC95@e73@f2 | |
| 世界民族研究导论/李毅夫著.-北京:社会科学文献出版社,2013 |
| 511页;24cm.-(中国社会科学院老年学者文库) |
| 中国社会科学院老年科研基金资助 |
| ISBN 978-7-5097-5039-1:CNY128.00 |
| 本书分上下两篇。上篇重在学科建设方面的介绍,为理论层面,主要内容为新中国世界民族学科产生、发展与演变过程的介绍,涉及该学科基本概念如“民族”的定义。下篇为具体研究世界民族的成果,包括世界民族的人口与分布、人种的构成、语言分布、宗教信仰,以及世界民族关系从原始时代到当前的发展状况。 |
| ● |
| 相关链接 |
|
|
|
|
正题名:世界民族研究导论
索取号:C95/73
 
预约/预借
| 序号 | 登录号 | 条形码 | 馆藏地/架位号 | 状态 | 备注 |
| 1 | 0840254 | 208402548 | 第一样本阅览室/ [索取号:C95/73] | 在馆 | |
| 2 | 0840255 | 208402557 | 第一借阅区/ [索取号:C95/73] | 在馆 |